Normal view
MARC view
- Asst Prof Zahid Tauqir
Entry Personal Name
001 - CONTROL NUMBER
- control field: 48254
003 - CONTROL NUMBER IDENTIFIER
- control field: NUST
005 - DATE AND TIME OF LATEST TRANSACTION
- control field: 20210314134018.0
008 - FIXED-LENGTH DATA ELEMENTS
- fixed length control field: 210314|| aca||aabn | a|a d
040 ## - CATALOGING SOURCE
- Original cataloging agency: NUST
- Transcribing agency: NUST
100 ## - HEADING--PERSONAL NAME
- Personal name: Asst Prof Zahid Tauqir
670 ## - SOURCE DATA FOUND
- Source citation: Work cat.: (NUST): SGT M Zeeshan 48253, Life Slab and Tilt up wall panel for medium height buildings, 2010
